[Event "GRE-ch U18"]
[Site "Chania"]
[Date "2021.07.16"]
[Round "2"]
[White "Voulgarakis, Ioannis"]
[Black "Tzagarakis, Panagiotis"]
[Result "0-1"]
[WhiteElo "1587"]
[BlackElo "2042"]
[PlyCount "90"]
[EventDate "2021.07.15"]
[EventType "swiss"]
[EventRounds "9"]
[EventCountry "GRE"]
[SourceTitle "EXT 2022"]
[Source "ChessBase"]
[SourceDate "2021.10.06"]
[SourceVersion "1"]
[SourceVersionDate "2021.10.06"]
[SourceQuality "1"]

1. e4 c5 2. Nc3 Nc6 3. g3 g6 4. Bg2 Bg7 5. d3 d6 6. Be3 b6 7. f4 Bb7 8. Nf3 Nd4 9. Bf2 Nh6 10. h3 0-0 11. 0-0 Qd7 12. g4 f5 13. g5 Nf7 14. Nxd4 cxd4 15. Nd5 Nd8 16. Bh4 Ne6 17. Qd2 Rf7 18. Rae1 Bxd5 19. exd5 Nc7 20. c3 dxc3 21. bxc3 Nb5 22. d4 Rc8 23. Re3 Na3 24. Qe2 Rc7 25. Rc1 Bxd4 26. cxd4 Rxc1+ 27. Kh2 Nc4 28. Re6 Na5 29. Be1 Rc7 30. h4 Rf8 31. h5 Kf7 32. Qd3 Qa4 33. Qh3 Qxd4 34. hxg6+ hxg6 35. Rf6+ exf6 36. Qh7+ Ke8 37. Qxc7 Rh8+ 38. Bh3 fxg5 39. Qc8+ Kf7 40. Qe6+ Kg7 41. Qe7+ Kg8 42. Qe8+ Kh7 43. Qe7+ Qg7 44. Qxg5 Re8 45. Bf2 Nc4 0-1

[Event "GRE-chT Online Rapid op 1st"]
[Site "Tornelo INT"]
[Date "2021.02.21"]
[Round "8.31"]
[White "Stoimenidis, Dimitrios"]
[Black "Voulgarakis, Ioannis"]
[Result "1-0"]
[WhiteElo "1786"]
[BlackElo "1587"]
[PlyCount "99"]
[EventDate "2021.02.20"]
[EventType "team-swiss (rapid)"]
[EventRounds "9"]
[EventCountry "GRE"]
[SourceTitle "EXT 2023"]
[Source "ChessBase"]
[SourceDate "2022.10.05"]
[SourceVersion "1"]
[SourceVersionDate "2022.10.05"]
[SourceQuality "1"]

1. e4 e5 2. Nf3 Nc6 3. Bb5 a6 4. Ba4 Nf6 5. 0-0 Be7 6. d3 d6 7. c3 0-0 8. h3 b5 9. Bc2 Re8 10. Nbd2 d5 11. Re1 Bf8 12. Qe2 h6 13. Nf1 d4 14. a3 g6 15. N3h2 Bg7 16. Qf3 Be6 17. Bd2 Qe7 18. Ng3 Rad8 19. Ne2 Kh7 20. cxd4 exd4 21. g3 Ne5 22. Qg2 Qd7 23. g4 g5 24. Nxd4 Nxd3 25. e5 Qxd4 26. exf6 Bxf6 27. Bc3 Qf4 28. Re4 Qd6 29. Bxf6 Bd5 30. Bxd3 Qxf6 31. Rae1 Bxe4 32. Rxe4 Kg7 33. Rxe8 Rxe8 34. Qf3 Qxb2 35. Qf5 Re1+ 36. Kg2 Kf8 37. Nf3 Rd1 38. Ne5 Qb3 39. Bc2 Qd5+ 40. Be4 Qb3 41. Nd7+ Ke8 42. Nc5 Qc3 43. Qc8+ Ke7 44. Qxc7+ Ke8 45. Bc6+ Kf8 46. Nd7+ Kg8 47. Qd8+ Kg7 48. Qf8+ Kg6 49. Be4+ f5 50. Bxf5# 1-0

[Event "GRE-chT Online Rapid op 1st"]
[Site "Tornelo INT"]
[Date "2021.02.21"]
[Round "9.33"]
[White "Voulgarakis, Ioannis"]
[Black "Ladis, Stavros"]
[Result "1-0"]
[WhiteElo "1587"]
[BlackElo "1026"]
[PlyCount "93"]
[EventDate "2021.02.20"]
[EventType "team-swiss (rapid)"]
[EventRounds "9"]
[EventCountry "GRE"]
[SourceTitle "EXT 2023"]
[Source "ChessBase"]
[SourceDate "2022.10.05"]
[SourceVersion "1"]
[SourceVersionDate "2022.10.05"]
[SourceQuality "1"]

1. e4 e6 2. d4 d5 3. exd5 exd5 4. Bd3 c6 5. h3 Bd6 6. Nf3 h6 7. 0-0 Be6 8. Re1 Ne7 9. c3 Nd7 10. Nbd2 Qc7 11. c4 0-0 12. c5 Bf4 13. Nf1 Bxc1 14. Rxc1 Rae8 15. Bb1 Nf6 16. Ne5 Qc8 17. Qf3 Bf5 18. Ng3 Bxb1 19. Rxb1 Ng6 20. Nf5 Qe6 21. Nd6 Re7 22. Kh2 Nxe5 23. Rxe5 Qd7 24. Rbe1 Rxe5 25. Rxe5 Ne8 26. Nf5 Qc7 27. Ne7+ Kh7 28. Qf5+ Kh8 29. Ng6+ Kg8 30. Nxf8 Kxf8 31. f4 g6 32. Qg4 Nf6 33. Qh4 Kg7 34. Kg1 b6 35. b4 a5 36. a3 axb4 37. axb4 bxc5 38. bxc5 Qa5 39. f5 g5 40. Qe1 Qa3 41. Re7 Qd3 42. Qe5 Qd1+ 43. Kh2 Qd3 44. Rc7 Qd1 45. Rxc6 g4 46. Qxf6+ Kf8 47. Rc8# 1-0

[Event "Anogia op 6th"]
[Site "Anogia"]
[Date "2017.07.10"]
[Round "1"]
[White "Voulgarakis, Ioannis"]
[Black "Navrotescu, Andreea Cristiana"]
[Result "0-1"]
[WhiteElo "1320"]
[BlackElo "2207"]
[PlyCount "82"]
[EventDate "2017.07.10"]
[EventType "swiss"]
[EventRounds "9"]
[EventCountry "GRE"]
[SourceTitle "CBM 179 Extra"]
[Source "ChessBase"]
[SourceDate "2017.08.23"]
[SourceVersion "1"]
[SourceVersionDate "2017.08.23"]
[SourceQuality "1"]

1. e4 e6 2. d4 d5 3. exd5 exd5 4. Bd3 Nc6 5. c3 Bd6 6. Nf3 Bg4 7. 0-0 Nge7 8. Nbd2 Qd7 9. Re1 0-0 10. Qc2 h6 11. b3 Ng6 12. h3 Be6 13. Nf1 Nf4 14. Ne5 Bxe5 15. Bh7+ Kh8 16. dxe5 Nxg2 17. Kxg2 g6 18. Bxh6 Kxh7 19. Bxf8 Bxh3+ 20. Kh2 Rxf8 21. Ng3 Kg7 22. Qd2 Rh8 23. Kg1 d4 24. Rad1 Qg4 25. Qd3 Qh4 26. Re4 Bg4 27. Rc1 Qh2+ 28. Kf1 Qh3+ 29. Ke1 Bf5 30. Nxf5+ Qxf5 31. cxd4 Nb4 32. Qe2 Rh3 33. Qg4 Nd3+ 34. Kd2 Nxc1 35. Kxc1 Rh1+ 36. Kd2 Qxf2+ 37. Re2 Qf1 38. Qe4 Qc1+ 39. Kd3 Rd1+ 40. Rd2 Rxd2+ 41. Ke3 Qe1+ 0-1

[Event "GRE-ch U20"]
[Site "Chania"]
[Date "2017.01.07"]
[Round "7"]
[White "Voulgarakis, Ioannis"]
[Black "Grigorakis, Stylianos"]
[Result "1-0"]
[WhiteElo "1281"]
[BlackElo "1333"]
[PlyCount "57"]
[EventDate "2017.01.02"]
[EventType "swiss"]
[EventRounds "9"]
[EventCountry "GRE"]
[SourceTitle "EXT 2024"]
[Source "ChessBase"]
[SourceDate "2023.10.10"]
[SourceVersion "1"]
[SourceVersionDate "2023.10.10"]
[SourceQuality "1"]

1. e4 e5 2. Nf3 Nc6 3. Bb5 Nd4 4. Nc3 Bb4 5. Bc4 d6 6. Nxd4 exd4 7. Nd5 Bc5 8. d3 c6 9. Nf4 Nf6 10. 0-0 0-0 11. Re1 Re8 12. h3 b5 13. Bb3 Bb7 14. Qf3 d5 15. e5 Nd7 16. e6 f6 17. Nh5 Ne5 18. Rxe5 Qc7 19. Re1 Re7 20. Bf4 Bd6 21. Re2 Rae8 22. Rae1 Bc8 23. Qg3 Kh8 24. Bxd6 Qb7 25. Bxe7 Qxe7 26. Qxg7+ Qxg7 27. Nxg7 Kxg7 28. e7 Kf7 29. c3 1-0

[Event "GRE-ch U12"]
[Site "Porto Rio"]
[Date "2016.07.01"]
[Round "6"]
[White "Gavriil, Odysseas Panagiotis"]
[Black "Voulgarakis, Ioannis"]
[Result "1-0"]
[WhiteElo "1588"]
[BlackElo "1307"]
[PlyCount "181"]
[EventDate "2016.06.28"]
[EventType "swiss"]
[EventRounds "9"]
[EventCountry "GRE"]
[SourceTitle "CBM 173 Extra"]
[Source "ChessBase"]
[SourceDate "2016.08.29"]
[SourceVersion "1"]
[SourceVersionDate "2016.08.29"]
[SourceQuality "1"]

1. e4 e5 2. Nf3 Nc6 3. Bb5 a6 4. Ba4 Nf6 5. 0-0 Be7 6. Re1 b5 7. Bb3 d6 8. c3 0-0 9. d4 Bg4 10. d5 Na5 11. Bc2 c6 12. h3 Bh5 13. dxc6 Nxc6 14. Bg5 Re8 15. Bb3 Na5 16. Bxf6 Bxf6 17. Bd5 Rc8 18. Nbd2 Qb6 19. Nf1 Nc4 20. b3 Na5 21. Rc1 Nb7 22. Bxb7 Qxb7 23. Qxd6 Bxf3 24. gxf3 Rc6 25. Qd3 Bg5 26. Rc2 Rg6 27. Ng3 Qc8 28. Qf1 Bf4 29. Kh1 Rh6 30. Kh2 g5 31. Qg2 Kh8 32. Rh1 Qd7 33. Qf1 g4 34. fxg4 Qxg4 35. Kg2 Qg6 36. Qe2 Rg8 37. Qf3 f5 38. Re2 Bxg3 39. fxg3 fxe4 40. Rxe4 Qe6 41. g4 Rf6 42. Qg3 Rgf8 43. Rhe1 Qc6 44. Qxe5 Kg8 45. Qd4 Rf4 46. Kg1 Rf3 47. R4e3 Rf2 48. Qe4 Qc7 49. Qd5+ R2f7 50. Qg5+ Rg7 51. Qe5 Qa7 52. Qd4 Qf7 53. R3e2 Qf3 54. Qe3 Qb7 55. Rf2 Rc8 56. Qe6+ Kh8 57. Qf6 Qc7 58. Rf3 Qc5+ 59. Kh2 Qc7+ 60. Qe5 Qd8 61. Rfe3 Qh4 62. Qf5 Rcg8 63. Qe5 Qf2+ 64. Kh1 Qxa2 65. Qd5 Rg5 66. Qd4+ R5g7 67. Qd5 Rg5 68. Qd4+ R5g7 69. Re7 h6 70. Rxg7 Rxg7 71. Re7 Qb1+ 72. Kg2 Qg6 73. Qxg7+ Qxg7 74. Rxg7 Kxg7 75. b4 Kf6 76. Kf3 Kg6 77. h4 Kf6 78. Kf4 Ke6 79. Ke4 Kf6 80. Kd5 Ke7 81. Kc6 Ke6 82. Kb6 Kd5 83. Kxa6 Kc6 84. g5 hxg5 85. hxg5 Kd6 86. Kxb5 Ke6 87. Kc6 Kf5 88. b5 Kxg5 89. b6 Kf6 90. b7 Ke7 91. b8Q 1-0

[Event "GRE-ch U12"]
[Site "Porto Rio"]
[Date "2016.06.29"]
[Round "3"]
[White "Zaronikas, Dimitrios"]
[Black "Voulgarakis, Ioannis"]
[Result "1-0"]
[WhiteElo "1677"]
[BlackElo "1307"]
[PlyCount "87"]
[EventDate "2016.06.28"]
[EventType "swiss"]
[EventRounds "9"]
[EventCountry "GRE"]
[SourceTitle "CBM 173 Extra"]
[Source "ChessBase"]
[SourceDate "2016.08.29"]
[SourceVersion "1"]
[SourceVersionDate "2016.08.29"]
[SourceQuality "1"]

1. e4 e5 2. Nf3 Nc6 3. Bb5 a6 4. Ba4 Nf6 5. 0-0 Be7 6. Re1 b5 7. Bb3 d6 8. c3 0-0 9. h3 Nb8 10. d4 Nbd7 11. Nbd2 Bb7 12. Bc2 Re8 13. Nf1 c5 14. Ng3 Bf8 15. Bg5 h6 16. Bc1 Rc8 17. d5 g6 18. a4 b4 19. Qe2 bxc3 20. bxc3 c4 21. Nd2 Qc7 22. a5 Nc5 23. Qxc4 Nfd7 24. Bb2 Qd8 25. Qe2 Bg7 26. Reb1 f5 27. exf5 Bxd5 28. fxg6 Qg5 29. Nf3 Bxf3 30. Qxf3 e4 31. Nxe4 Nxe4 32. Bxe4 Nc5 33. c4 Rf8 34. Bd5+ Kh8 35. Qg3 Qd2 36. Bxg7+ Kxg7 37. Qxd6 Qxf2+ 38. Kh1 Rce8 39. Rb6 Qe3 40. Rc6 Re7 41. Qxc5 Qe2 42. Qd4+ Qe5 43. Qxe5+ Rxe5 44. Rxa6 1-0